| 000 | 01074nam a2200229Ia 4500 | ||
|---|---|---|---|
| 999 |
_c37610 _d37610 |
||
| 001 | 3582 | ||
| 003 | GE_BSU | ||
| 005 | 20190530204056.0 | ||
| 008 | 181216s1973||||ge |||||||||||||| ||geo|| | ||
| 040 | _cGE_BSU | ||
| 041 | _ageo | ||
| 080 | _a531(076.1)(072) გ-26 | ||
| 100 |
_aგეგელაშვილო,თ. _91891 |
||
| 245 |
_aმეთოდური მითითებანი თეორიული მექანიკის ამოცანების ამოსახსნელად დაუსწრებელი სწავლების სტუდენტთათვის : კინემატიკა / _cთ.გეგელაშვილი ; რედ : ა.გაგოძე. |
||
| 264 |
_aთბილისი : _bსპი, _c1973. |
||
| 300 |
_a43 გვ .: _c20 სმ. |
||
| 653 | _aთეორიული მექანიკა | ||
| 653 | _aკინემატიკა | ||
| 653 | _aფიზიკა | ||
| 700 |
_aგაგოძე, ა _eრედაქტორი _91892 |
||
| 942 |
_cBK _2udc |
||